Central Library OPAC University of Rajshahi

An international economic system / (Record no. 43286)

MARC details
000 -LEADER
fixed length control field 00685nam a2200241 a 4500
001 - CONTROL NUMBER
control field 43286
003 - CONTROL NUMBER IDENTIFIER
rucl marc code BD-RjUL
005 - DATE AND TIME OF LATEST TRANSACTION
control field 20211209053657.0
008 - FIXED-LENGTH DATA ELEMENTS--GENERAL INFORMATION
fixed length control field 160620s1954 enka 001 0 eng d
035 ## - SYSTEM CONTROL NUMBER
System control number (BD-RjUL)43404
System control number 2403540
040 ## - CATALOGING SOURCE
Original cataloging agency NUN
Language of cataloging eng
Transcribing agency NUN
Modifying agency ABN:SN
041 ## - LANGUAGE CODE
Language code of text/sound track or separate title eng
082 04 - DEWEY DECIMAL CLASSIFICATION NUMBER
Classification number 382
Edition number 22
Author mark and year POI 1954
100 10 - MAIN ENTRY--PERSONAL NAME
Personal name Polak, Jacques Jacobus.
9 (RLIN) 132945
245 13 - TITLE STATEMENT
Title An international economic system /
Statement of responsibility, etc. by J.J. Polak
260 ## - PUBLICATION, DISTRIBUTION, ETC. (IMPRINT)
Place of publication, distribution, etc. London :
Name of publisher, distributor, etc. Allen & Unwin,
Date of publication, distribution, etc. 1954
300 ## - PHYSICAL DESCRIPTION
Pagination xi, 179 p. :
Illustrations ill. ;
Size 22 cm.
500 ## - GENERAL NOTE
General note Includes index.
650 #0 - SUBJECT ADDED ENTRY--TOPICAL TERM
Topical term or geographic name as entry element International economic relations.
9 (RLIN) 132946
Topical term or geographic name as entry element Economic history.
9 (RLIN) 132947
942 ## - ADDED ENTRY ELEMENTS (KOHA)
Source of classification or shelving scheme Dewey Decimal Classification
Koha item type Books
Holdings
Lost status Source of classification or shelving scheme Damaged status Not for loan Collection code Permanent Location Current Location Shelving location Date acquired Source of acquisition Cost, normal purchase price Total Checkouts Full call number Date last seen Copy number Koha item type
  Dewey Decimal Classification     Non-fiction Central Library, University of Rajshahi Central Library, University of Rajshahi   01/04/1957 Simphin mausally 2.40   382 POI 1954 20/06/2016 C-2 Books
  Dewey Decimal Classification     Non-fiction Central Library, University of Rajshahi Central Library, University of Rajshahi   15/03/1955 U.B.D Raishan 2.40   382 POI 1954 20/06/2016 C-3 Books
  Dewey Decimal Classification     Non-fiction Central Library, University of Rajshahi Central Library, University of Rajshahi   15/03/1955 U.B.D Raishan 13.20   382 POI 1954 20/06/2016 C-4 Books
  Dewey Decimal Classification     Non-fiction Central Library, University of Rajshahi Central Library, University of Rajshahi   01/06/1955 Pak. American .Com. 21.60   382 POI 1954 31/07/2016 C-5 Books